Great/Popular Opera Singers - Statistics

General Stats
  • This quiz has been taken 5 times
  • The average score is 18 of 50
Answer Stats
Answer % Correct
José Carreras
100%
Luciano Pavarotti
100%
Plácido Domingo
100%
Beverly Sills
75%
Enrico Caruso
75%
Maria Callas
75%
Mario Lanza
75%
Renée Fleming
75%
Andrea Bocelli
50%
Angela Gheorgiu
50%
Angel Blue
50%
Cecilia Bartoli
50%
Diana Damrau
50%
Jessye Norman
50%
Joan Sutherland
50%
Juan Diego Flórez
50%
Kiri Te Kanawa
50%
Leontyne Price
50%
Marian Anderson
50%
Marilyn Horne
50%
Montserrat Caballé
50%
Renata Tebaldi
50%
Roberto Alagna
50%
Anna Netrebko
25%
Birgit Nilsson
25%
Bryn Terfel
25%
Dietrich Fischer Dieskau
25%
Elisabeth Schwarzkopf
25%
Farinelli
25%
Franco Corelli
25%
Fritz Wunderlich
25%
Jonas Kaufmann
25%
Jussi Björling
25%
Kirsten Flagstad
25%
Lily Pons
25%
Nellie Melba
25%
Nicolai Ghiaurov
25%
Robert Merrill
25%
Sarah Brightman
25%
Claudia Muzio
0%
Cynthia Tanoa
0%
Dmitri Hvorostovsky
0%
Ezio Pinza
0%
John Holiday
0%
Leyla Gencer
0%
Lise Davidsen
0%
Maria Malibran
0%
Nicolai Gedda
0%
René Pape
0%
Willard White
0%
No matching quizzes found
Score Distribution
Percent of People with Each Score
Percentile by Number Answered
Your Score History
You have not taken this quiz